| 000 -LEADER |
| fixed length control field |
00880nam a22002057a 4500 |
| 001 - CONTROL NUMBER |
| control field |
7172 |
| 003 - CONTROL NUMBER IDENTIFIER |
| control field |
BD-DhUAP |
| 005 - DATE AND TIME OF LATEST TRANSACTION |
| control field |
20201209125611.0 |
| 008 - FIXED-LENGTH DATA ELEMENTS--GENERAL INFORMATION |
| fixed length control field |
201115s1998 ii ||||| |||| 00| 0 ben d |
| 020 ## - INTERNATIONAL STANDARD BOOK NUMBER |
| International Standard Book Number |
9840738216 |
| 040 ## - CATALOGING SOURCE |
| Original cataloging agency |
BD-DhUAP |
| Language of cataloging |
Ben |
| Transcribing agency |
BD-DhUAP |
| Modifying agency |
BD-DhUAP |
| 082 ## - DEWEY DECIMAL CLASSIFICATION NUMBER |
| Edition number |
23 |
| Classification number |
930.13095492 HOS |
| 100 ## - MAIN ENTRY--PERSONAL NAME |
| Personal name |
হোসেন, মোঃ মোশারফ। |
| 245 ## - TITLE STATEMENT |
| Title |
প্রত্নতত্ত্ব : |
| Remainder of title |
উদ্ভব ও বিকাশ : পরিপ্রেক্ষিত বাংলাদেশ / |
| Statement of responsibility, etc. |
মোঃ মোশারফ হোসেন। |
| 260 ## - PUBLICATION, DISTRIBUTION, ETC. |
| Place of publication, distribution, etc. |
ঢাকা : |
| Name of publisher, distributor, etc. |
বাংলা একাডেমী, |
| Date of publication, distribution, etc. |
c১৯৯৮। |
| 300 ## - PHYSICAL DESCRIPTION |
| Extent |
৩৯২ পৃষ্ঠা : |
| Other physical details |
চিত্র ; |
| Dimensions |
২৪ সেমি.। |
| 504 ## - BIBLIOGRAPHY, ETC. NOTE |
| Bibliography, etc. note |
গ্রন্থপঞ্জি সম্বলিত। |
| 650 ## - SUBJECT ADDED ENTRY--TOPICAL TERM |
| Topical term or geographic name entry element |
Archeology |
| Geographic subdivision |
Bangladesh. |
| 942 ## - ADDED ENTRY ELEMENTS (KOHA) |
| Source of classification or shelving scheme |
|
| Koha item type |
Book |